Principles of compiler design (Record no. 178115)
[ view plain ]
| 000 -LEADER | |
|---|---|
| fixed length control field | 00402nam a2200157Ia 4500 |
| 008 - FIXED-LENGTH DATA ELEMENTS--GENERAL INFORMATION | |
| fixed length control field | 231217s9999 xx 000 0 und d |
| 020 ## - INTERNATIONAL STANDARD BOOK NUMBER | |
| International Standard Book Number | 8185015619 |
| 041 ## - LANGUAGE CODE | |
| Language code of text/sound track or separate title | English |
| 082 ## - DEWEY DECIMAL CLASSIFICATION NUMBER | |
| Classification number | 001.6425 AHO;16 |
| 100 ## - MAIN ENTRY--PERSONAL NAME | |
| Personal name | Aho, Alfred V. Ullman, Jefferey D. |
| 245 #0 - TITLE STATEMENT | |
| Title | Principles of compiler design |
| 260 ## - PUBLICATION, DISTRIBUTION, ETC. | |
| Date of publication, distribution, etc. | 1989 |
| Name of publisher, distributor, etc. | Narosa |
| Place of publication, distribution, etc. | New Delhi |
| 300 ## - PHYSICAL DESCRIPTION | |
| Extent | 612 |
| 650 ## - SUBJECT ADDED ENTRY--TOPICAL TERM | |
| Topical term or geographic name entry element | Compiler design |
| 942 ## - ADDED ENTRY ELEMENTS (KOHA) | |
| Koha item type | Books |
| Date last seen | Total checkouts | Full call number | Accession number | Price effective from | Category | Lost status | Damaged status | Department | Withdrawn status | Home library | Current library | Shelving location | Entry date | Vendor | Grants | Billdate | Currency symbol | Conversion rate | Discount | Old discount |
|---|---|---|---|---|---|---|---|---|---|---|---|---|---|---|---|---|---|---|---|---|
| 26/01/2024 | 001.6425 AHO;16 | 42974 | 26/01/2024 | Books | Information Science | Central Library | Central Library | Information Science | 08/09/2006 | Publisher | IS | 20/08/2008 | RS | 1 | ||||||
| 26/01/2024 | 001.6425 AHO;17 | 51902 | 26/01/2024 | Books | Central Library | Central Library | Central Library | Central Library | 24/12/2008 | Publisher | DONATED | 11/02/2012 | RS | 1 | ||||||
| 26/01/2024 | 001.6425 AHO;18 | 56027 | 26/01/2024 | Books | Central Library | Central Library | Central Library | Central Library | 03/09/2009 | Publisher | DONATED | 03/05/2013 | RS | 1 |
